LIBRARY & INFORMATION CENTRE, KCAET, TAVANUR

ONLINE PUBLIC ACCESS CATALOGUE (OPAC)

Manushyante Anatomium Physiologium / (Record no. 6655)

MARC details
000 -LEADER
fixed length control field 00304cam a2200121ua 4500
082 ## - DEWEY DECIMAL CLASSIFICATION NUMBER
Classification number 611
Item number BHA/MA
100 ## - MAIN ENTRY--AUTHOR NAME
Personal name Bhaskara Paniker, P .
245 ## - TITLE STATEMENT
Title Manushyante Anatomium Physiologium /
250 ## - EDITION STATEMENT
Edition statement 1 /
260 ## - PUBLICATION, DISTRIBUTION, ETC. (IMPRINT)
Place of publication Eranakulam :
Name of publisher Prabhath Book House ,
Year of publication 1960.
300 ## - PHYSICAL DESCRIPTION
Number of Pages 68 ; .
942 ## - ADDED ENTRY ELEMENTS (KOHA)
Koha item type Books
Holdings
Withdrawn status Lost status Damaged status Home library Current library Date acquired Full call number Accession Number Koha item type
Withdrawn     KAUAET Malayalam University 07/04/2012 611 11251 Books
free website counter